Haikyuu A-Z - Statistiques

Statistiques générales
  • Ce quiz a été pris 166 fois
  • Le résultat moyen est 11 sur 26
Statistiques - réponses
Lettre Description Réponse % Correct
D Nom du Capitaine de Karasuno Daichi
91%
A Passeur titulaire de Fukurodani Akaashi
87%
H Animal qui représente l'équipe de Fukurodani Hibou
78%
O Les frères jumeaux Miya : On a Atsumu et .... Osamu
71%
G Le surnom que Hinata donne à Oikawa "Le...." Grand roi
69%
U Nom de l'entraineur de Karasuno Ukai
65%
X Quelle lettre est utilisée dans les schémas d’attaque pour désigner une attaque en croix X
56%
R Animal qui représente l'équipe d'Inarizaki Renard
53%
B Premier mot de la chanson de Tendo dans la saison 3 Baki
50%
Y Elève de première année et manager du club de Karasuno Yachi
45%
N Prénom de la petite sœur de Hinata Natsu
43%
S L'équipe qui a pour slogan "Soyez puissants" Shiratorizawa
41%
L Signification du prénom Lev (Lev Haiba) en russe Lion
38%
I Equipe finaliste du tournois inter lycée Inarizaki
37%
C Surnom de Kentarō Kyōtani Chien enragé
33%
K Passeur de Date Kogyo en première année Koganegawa
28%
P Surnom du personnage Udai Tenma Petit géant
27%
W Signification de "WS" dans Haikyuu représentant une position au volley ball (en anglais) Wing spiker
27%
F Après que les 3èmes années soient partis , il en devient le capitaine de Date Kogyo Futakuchi
25%
J Equipe avec des uniformes jaunes dont le capitaine est Yūji Terushima Johzenji
23%
M Animal qui représente l'équipe de Kamomedai Mouette
22%
Q Type d’attaque qu'utilise Kageyama avec Hinata, nécessitant une coordination parfaite (en anglais) Quick attack
16%
V Le mot inscrit sur la bannière du lycée Kitagawa Daiichi Victoire
12%
T Le lycée que Karasuno affronte en premier en match officiel du tournoi inter-lycée Tokonami
8%
E Le mot inscrit sur la bannière de l’institut Itachiyama Effort
6%
Z En volley, comment nomme-t-on la position centrale au filet (numérotation internationale) Zone 3
0%
Aucun quiz correspondant
Distribution des résultats
% des personnes avec chaque résultat
Percentile par nombre de réponses
Votre historique - résultats
Vous n’avez pas pris ce quiz